Спортивная анатомия: пер. с нем.; учебное пособие для вузов

Bibliografske podrobnosti
Glavni avtor: Вайнек Ю. Юрген
Izvleček:Учебное пособие позволяет получить четкое представление о функциональной анатомии спортсмена. В книге изложено учение о клетке и ткани (цитология и гистология), рассмотрен пассивный и активный аппарат движения, дано частное описание важнейших суставов, проанализированы простейшие движения туловища и конечностей, сложные спортивные движения, приведены упражнения функционально-анатомической силовой тренировки. Для студентов высших учебных заведений — будущих специалистов в области физической культуры и спорта. Может заинтересовать широкий круг читателей.
Jezik:ruščina
Izdano: Москва, Академия, 2008
Teme:
Format: MixedMaterials Knjiga
KOHA link:https://koha.lib.tpu.ru/cgi-bin/koha/opac-detail.pl?biblionumber=148618

MARC

LEADER 00000nam0a2200000 4500
001 148618
005 20231101221356.0
010 |a 9785769539725 
010 |a 3-934211-67-4 
035 |a (RuTPU)RU\TPU\book\161130 
090 |a 148618 
100 |a 20081204d2008 m y0rusy50 ca 
101 1 |a rus  |c ger 
102 |a RU 
105 |a a j 001zy 
200 1 |a Спортивная анатомия  |e пер. с нем.  |e учебное пособие для вузов  |f Ю. Вайнек 
210 |a Москва  |c Академия  |d 2008 
215 |a 299 с.  |c ил. 
320 |a Библиогр.: с. 289-293. 
320 |a Предметный указатель: с. 294-298. 
330 |a Учебное пособие позволяет получить четкое представление о функциональной анатомии спортсмена. В книге изложено учение о клетке и ткани (цитология и гистология), рассмотрен пассивный и активный аппарат движения, дано частное описание важнейших суставов, проанализированы простейшие движения туловища и конечностей, сложные спортивные движения, приведены упражнения функционально-анатомической силовой тренировки. Для студентов высших учебных заведений — будущих специалистов в области физической культуры и спорта. Может заинтересовать широкий круг читателей. 
606 1 |a Спортивная анатомия  |2 stltpush  |3 (RuTPU)RU\TPU\subj\67416  |9 83229 
610 1 |a анатомия 
610 1 |a цитология 
610 1 |a клетки 
610 1 |a ткани 
610 1 |a гистология 
610 1 |a двигательный аппарат 
610 1 |a двигательные действия 
610 1 |a двигательная активность 
610 1 |a кости 
610 1 |a суставы 
610 1 |a мышцы 
610 1 |a позвоночник 
610 1 |a грудная клетка 
610 1 |a мускулатура 
610 1 |a верхние конечности 
610 1 |a нижние конечности 
610 1 |a движения 
610 1 |a спортивные движения 
610 1 |a легкая атлетика 
610 1 |a плавание 
610 1 |a спортивная гимнастика 
610 1 |a тяжелая атлетика 
610 1 |a спортивные игры 
610 1 |a зимние виды спорта 
610 1 |a единоборства 
610 1 |a велосипедный спорт 
610 1 |a водный спорт 
610 1 |a силовые тенировки 
610 1 |a упражнения 
610 1 |a учебные пособия 
675 |a 796:61(075.8)  |v 3 
700 1 |a Вайнек  |b Ю.  |g Юрген 
801 1 |a RU  |b 63413507  |c 20081204  |g PSBO 
801 2 |a RU  |b 63413507  |c 20090209  |g PSBO 
900 |a Анатомия 
900 |a Спортивная медицина 
942 |c BK 
959 |a 115/20081202  |d 1  |e 0  |f ЧЗГЛ:1